000 005570000a22001810004500
003 MACL
005 20160226130719.0
008 160226b xxu||||| |||| 00| 0 eng d
040 _aMACL
_cMACL
041 _aHindi
082 _a800
100 _aविश्‍वनाथप्रसाद तिवारी
_940620
245 _aआधुनिक हिन्‍दी कविता
260 _bराजकमल प्रकाशन
_c1977
_aदिल्‍ली
350 _a10
650 _aLiteracture
_939932
942 _cHIN
_k800
_2ddc
999 _c27128
_d27128